Most Populated Cities,Towns and Villages in Belize - Statistics

General Stats
  • This quiz has been taken 17 times
  • The average score is 7 of 20
Answer Stats
# Population City/Town/Village % Correct
1 63,999 Belize City
100%
2 20,754 Belmopan
89%
4 14,689 Orange Walk Town * includes San Lorenzo
67%
5 12,621 San Ignacio
56%
6 10,153 Corozal Town
44%
7 10,140 Dangriga
44%
8 8,608 Santa Elena
44%
10 7,094 Benque Viejo Del Carmen
33%
9 7,655 Ladyville
33%
13 5,544 Punta Gorda
33%
19 3,499 San Jose
33%
3 15,455 San Pedro Town
33%
14 4,878 Independence * includes Mango Creek
22%
11 6,259 Bella Vista
11%
16 4,070 Shipyard
11%
18 3,518 Bullet Tree Falls * includes Paslow Falls
0%
17 3,821 Guinea Grass
0%
15 4,876 Lords Bank
0%
12 5,850 Trial Farm * includes Indian Hill Estate
0%
20 3,246 Valley of Peace
0%
No matching quizzes found
Score Distribution
Percent of People with Each Score
Percentile by Number Answered
Your Score History
You have not taken this quiz